| 000 | 03861namaa22004331i 4500 | ||
|---|---|---|---|
| 003 | OSt | ||
| 005 | 20260303114544.0 | ||
| 008 | 250827s2025 ua a|||frm||| 000 0 eng d | ||
| 040 |
_aEG-GICUC _bara _cEG-GICUC _dEG-GICUC _erda |
||
| 041 | 0 |
_aara _bara _beng |
|
| 049 | _aإيداع | ||
| 082 | 0 | 4 | _a235 |
| 092 |
_a235 _221 |
||
| 097 | _aدكتوراه | ||
| 099 | _aCai01.06.01.Ph.D.2025.عب.أ | ||
| 100 | 0 |
_a،عبدالله علي عبدالسلام عليلش _eإعداد. |
|
| 245 | 1 | 0 |
_aأحاديث حقوق المرأة وواجباتها في الكتب الستة : _bدراسة أسلوبية / _cإعداد عبدالله علي عبدالسلام عليلش؛ إشراف أ.د.عبد الحميد أحمد يوسف هنداوي، أ.د.مريم إبراهيم هندي. |
| 246 | 1 | 5 |
_aThe hadiths of women’s rights and duties in the six books : _bA stylistic study / |
| 264 | 0 | _c2025. | |
| 300 |
_a268 ورقة : _bإيضاحيات ؛ _c30 سم. + _eCD. |
||
| 336 |
_atext _2rda content |
||
| 337 |
_aUnmediated _2rdamedia |
||
| 338 |
_avolume _2rdacarrier |
||
| 502 | _aأطروحة (دكتوراه)-جامعة القاهرة، 2025. | ||
| 504 | _aببليوجرافيا: صفحات 249-261. | ||
| 520 | _aتناولت فيه التحليل الأسلوبي لنماذج من الأحاديث النبوية في الكتب الستة، وهي: (صحيح البخاري، وصحيح مسلم، وسنن أبي داود، وسنن الترمذي، وسنن النسائي، وسنن ابن ماجه)، على المستوى: الصوتي، والصرفي، والمعجمي، والتركيبي، والتصويري.وقد تبين للباحث من خلال الدراسة تميز الاحاديت النبوية بطبيعة أسلوبية وأقناعية خاصة تعتمد توظيف أدوات اللغة وألياتها لاقناع المخاطب ومن ثم يوصي البحث بضرورة الاهتمام بالدراسة الحجاجية للسنة النبوية لابراز قيمتها في بيان قيم هذا الدين الحنيف السمح وبيان أحكامه. | ||
| 520 | _aThis research is a doctoral dissertation titled: (The Hadiths of Women’s Rights and Duties in the Six Books: “A Stylistic Study”): I dealt with the stylistic analysis of samples of hadiths in the six books, namely: (Sahih al-Bukhari, Sahih Muslim, Sunnah Abu Dawud, Sunnah al-Tirmidhi, Sunnah al-Nisa’i, and Sunnah Ibn Majah), at the level of phonetic, morphological, lexical, and pictorial.Through the study, the researcher found that the prophetic hadiths are characterized by a special stylistic and persuasive nature that employs the tools and mechanisms of language to persuade the addressee; hence, the research recommends the need to pay attention to the argumentative study of the Sunnah to highlight its value in explaining the values of this tolerant religion and explaining its rulings. | ||
| 530 | _aصدر أيضًا كقرص مدمج. | ||
| 546 | _aالنص بالعربية والملخص باللغة الإنجليزية والعربية. | ||
| 650 | 7 |
_aالمرأة فى الاسلام _2qrmak |
|
| 650 | 7 |
_aالحديث _2qrmak _xالكتب الستة |
|
| 653 | 0 |
_aحقوق _aالمرأة _aأسلوبية _aالكتب الستة |
|
| 700 | 0 |
_aعبد الحميد أحمد يوسف هنداوي _eمشرف أطروحة. |
|
| 700 | 0 |
_aمريم إبراهيم هندي _eمشرف أطروحة. |
|
| 900 |
_b01-01-2025 _cعبد الحميد أحمد يوسف هنداوي _cمريم إبراهيم هندي _dحسن طبل _dإبراهيم الهدهد _Uجامعة القاهرة _Fكلية دار علوم _D قسم البلاغة والنقد الادبي والادب المقارن |
||
| 905 |
_aSara _eAfaf |
||
| 942 |
_2ddc _cTH _e21 _n0 |
||
| 999 | _c178201 | ||